Logos Groupes de Metal - Statistiques

Statistiques générales
  • Ce quiz a été pris 64 fois
  • Le résultat moyen est 5 sur 16
Statistiques - réponses
Par images Réponse % Correct
Brutal Sphincter
94%
Devourment
88%
Emperor
78%
Kraanium
70%
Analepsy
56%
Kanine
54%
Harlekin
26%
Mike Litoris Complot
24%
Torsofuck
6%
Gutrectomy
4%
Suicide Lady Extravaganza
4%
Begging For Incest
2%
Dehumanizing Itatrain Worship
2%
Onchocerciasis Esophagogastroduodenoscopy
2%
Serrabulho
2%
Yanderechainsawregurgitationfactory
2%
Aucun quiz correspondant
Distribution des résultats
% des personnes avec chaque résultat
Percentile par nombre de réponses
Votre historique - résultats
Vous n’avez pas pris ce quiz